01186nam a22002894a 4500001001200000003000800012006001900020007001500039008004100054010001700095020002300112040002100135035002000156050002400176082001800200100002000218245009900238246005400337260004800391300001100439504006400450533015200514650005800666655002900724710001700753856012600770ebr10006965CaPaEBRm u cr cn|||||||||000331s2000 nju sb 001 0 eng  z 00037899  z1564144771 (cloth) aCaPaEBRcCaPaEBR a(OCoLC)7076932514aHD58.6b.C73 2000eb04a658.4/0522211 aCraig, Michael.14aThe 50 best (and worst) business deals of all timeh[electronic resource] /cby Michael Craig.1 aFifty best (and worst) business deals of all time aFranklin Lakes, NJ :bCareer Press,cc2000. a203 p. aIncludes bibliographical references (p. 191-193) and index. aElectronic reproduction.bPalo Alto, Calif. :cebrary,d2013.nAvailable via World Wide Web.nAccess may be limited to ebrary affiliated libraries. 0aNegotiation in businesszUnited StatesvCase studies. 7aElectronic books.2local2 aebrary, Inc.40uhttp://site.ebrary.com/lib/rucke/Doc?id=10006965zAn electronic book accessible through the World Wide Web; click to view